| 000 | 00529nam a2200169 a 4500 | ||
|---|---|---|---|
| 005 | 20140412111302.0 | ||
| 008 | 030414s19uu xx 00 eng d | ||
| 020 | _a0-590-30678-2 | ||
| 050 |
_aTR(GS 418 _bR847 1980 |
||
| 100 | _aRothstein, Gloria Lesser | ||
| 245 |
_aVocabulary skills, A : _bmeaning through structure and context / _cby Gloria Lesser Rothstein. |
||
| 260 |
_aNew York : _bScholastic Inc, _c1980. |
||
| 300 | _a64 p. ; ill. | ||
| 440 | _aA Scholastic Skills Program | ||
| 650 | _aVocabulary | ||
| 999 |
_c103478 _d103478 |
||